Statistiques concernant Les musées de Paris

Cliquez ici pour prendre le quiz!

Statistiques générales

  • Ce quiz a été pris 501 fois
  • Le résultat moyen est 7 sur 20

Statistiques - réponses

Visiteurs / anArrondissementMusée% Correct
10 200 0001erMusée du Louvre
100%
3 500 0007èmeMusée d’Orsay
90%
3 450 0004èmeCentre Georges-Pompidou
66%
1 261 0007èmeMusée du Quai Branly - Jacques-Chirac
50%
700 0009èmeMusée Grévin
46%
1 091 0003èmeMusée Carnavalet
41%
1 000 0001erMusée de l'Orangerie
41%
249 0003èmeMusée Picasso
38%
3 200 0005èmeMuséum national d'histoire naturelle
37%
700 0007èmeMusée Rodin
36%
1 855 3468èmeGrand Palais
34%
2 857 00019èmeCité des sciences et de l'industrie
29%
1 206 0007èmeMusée de l'Armée
28%
756 00016èmePalais de Tokyo
24%
840 0005èmeInstitut du monde arabe
19%
250 0003èmeMusée des arts et métiers
19%
304 00016èmeMusée national des Arts asiatiques - Guimet
16%
505 00014èmeCatacombes de Paris
14%
380 00012èmeCinémathèque française
8%
275 00019èmeMusée de la Musique
8%

Distribution des résultats

Percentile par nombre de réponses

% des personnes avec chaque résultat

Votre développement - résultats

Vous n’avez pas pris ce quiz